000 00286nam a22001337a 4500
008 171014b xxu||||| |||| 00| 0 eng d
020 _a9781593371142
041 _aeng
080 _a331
100 _a52
101 _aMAK
245 _aRESUME BUZZ WORDS
_cHERMAN, E
942 _2udc
_cBK
999 _c33915
_d33915